Nghiên cứu tương quan giữa hàm lượng một số kim loại nặng trong động vật hai mảnh vỏ và trầm tích tại cửa sông Sa Cần, tỉnh Quảng Ngãi
Nghiên cứu khảo sát hàm lượng Pb, Cd, Cr và Hg được tích lũy trong một số loài động vật hai mảnh vỏ, mối quan hệ của chúng với KLN trong trầm tích tại cửa sông Sa Cần, tỉnh Quảng Ngãi. Từ kết quả đóng góp vào nguồn tư liệu về khả năng tích lũy KLN của các loài hai mảnh vỏ. Trên cơ sở đó đề xuất khả...
Đã lưu trong:
| Hovedforfatter: | |
|---|---|
| Andre forfattere: | |
| Format: | Bog |
| Sprog: | Vietnamese |
| Udgivet: |
Đà Nẵng
Đại học Sư phạm, Đại học Đà Nẵng
2013
|
| Fag: | |
| Tags: |
Tilføj Tag
Ingen Tags, Vær først til at tagge denne postø!
|
| Thư viện lưu trữ: | Mạng thư viện Đại học Đà Nẵng |
|---|
| LEADER | 02702nam a2200421 4500 | ||
|---|---|---|---|
| 001 | 000018506 | ||
| 003 | 14938 | ||
| 005 | 20131115131159.0 | ||
| 008 | 131114s2013 viesd | ||
| 041 | |a vie | ||
| 082 | 1 | 4 | |a 594.169 |b LÊ-N |
| 100 | 1 | |a Lê Thị Bích Ngân | |
| 245 | 1 | |a Nghiên cứu tương quan giữa hàm lượng một số kim loại nặng trong động vật hai mảnh vỏ và trầm tích tại cửa sông Sa Cần, tỉnh Quảng Ngãi |c Lê Thị Bích Ngân ; Nguyễn Văn Khánh hướng dẫn |k Khóa luận tốt nghiệp | |
| 260 | |a Đà Nẵng |b Đại học Sư phạm, Đại học Đà Nẵng |c 2013 | ||
| 300 | |a 38 tr., phụ lục 10 tr. |b mh. |c 29 cm. |e Bản tóm tắt | ||
| 500 | |a Khóa luận tốt nghiệp đại học. Chuyên ngành: Cử nhân Sinh - Môi trường | ||
| 504 | |a Mục lục đầu trang, tài liệu tham khảo tr. 73 - 74, phụ lục [13 tr.] | ||
| 520 | |a Nghiên cứu khảo sát hàm lượng Pb, Cd, Cr và Hg được tích lũy trong một số loài động vật hai mảnh vỏ, mối quan hệ của chúng với KLN trong trầm tích tại cửa sông Sa Cần, tỉnh Quảng Ngãi. Từ kết quả đóng góp vào nguồn tư liệu về khả năng tích lũy KLN của các loài hai mảnh vỏ. Trên cơ sở đó đề xuất khả năng sử dụng một số loài động vật hai mảnh vỏ làm sinh vật chỉ thị ô nhiễm KLN. Phản ánh hiện trạng ô nhiễm KLN nếu có, qua đó cảnh báo việc sử dụng sinh vật có khả năng tích lũy KLN làm thực phẩm. | ||
| 600 | 1 | 4 | |b Vua |c Đinh Tiên Hoàng |
| 650 | 0 | 4 | |a Kim loại nặng |v Khóa luận tốt nghiệp |x Ô nhiễm môi trường |z Sông Sa Cần (Quảng Ngãi) |
| 650 | 0 | 4 | |a Động vật hai mảnh vỏ |v Khóa luận tốt nghiệp |x Nghiên cứu |z Sông Sa Cần (Quảng Ngãi) |
| 650 | 0 | 4 | |a Trầm tích |v Khóa luận tốt nghiệp |x Nghiên cứu |z Sông Sa Cần (Quảng Ngãi) |
| 653 | |a Khoa Sinh môi trường | ||
| 653 | |a Trầm tích | ||
| 653 | |a Động vật hai mảnh vỏ | ||
| 653 | |a Kim loại nặng | ||
| 653 | |a Ô nhiễm môi trường | ||
| 700 | 1 | |a Nguyễn Văn Khánh |e Hướng dẫn | |
| OWN | |a LSP | ||
| AVA | |a UDN50 |b LSP |d 594.169 LÊ-N |e available |t Error 5001 Not defined in file expand_doc_bib_avail. |f 1 |g 0 |h N |i 0 |k 1 | ||
| 999 | |a From the UDN01 | ||
| AVA | |a UDN50 |b LSP |d 594.169 LÊ-N |e available |t Error 5001 Not defined in file expand_doc_bib_avail. |f 1 |g 0 |h N |i 0 |k 1 | ||
| TYP | |a Monograph | ||
| TYP | |a Printed language | ||
| 980 | |a Mạng thư viện Đại học Đà Nẵng | ||